[Event "TCh-TUR Super League 2018"]
[Site "Ankara TUR"]
[Date "2018.08.02"]
[Round "9.2.3"]
[White "Yurtseven, Melih"]
[Black "Oksuz, Akin"]
[Result "0-1"]
[WhiteTitle "IM"]
[WhiteElo "2404"]
[BlackElo "2167"]
[WhiteTeam "DENIZ SU AQUAMATCH SATRANC GENCLIK VE SPOR KULUBU DERNEGI"]
[BlackTeam "GENC AKADEMISYENLER EGITIM KULTUR VE ARASTIRMA KULUBU"]
[WhiteFideId "6312160"]
[BlackFideId "6303536"]
[EventDate "2018.07.25"]

1. Nf3 d6 2. d4 g6 3. e4 Nf6 4. Bd3 Bg7 5. O-O O-O 6. c3 Nbd7 7. Be3 e5 8. Nbd2
b6 9. a4 a6 10. Qb1 Bb7 11. b4 h6 12. h3 Re8 13. d5 Nh5 14. Rc1 Nf4 15. Bf1 f5
16. exf5 Nxd5 17. Bc4 gxf5 18. Qxf5 Kh8 19. Bg5 N7f6 20. Bh4 Qc8 21. Qc2 Nf4 22.
Bg3 N6h5 23. Nh4 d5 24. Bf1 e4 25. Nb3 Rg8 26. Nd4 Be5 27. Bxf4 Bxf4 28. Ndf5
Rg5 29. g4 Qe6 30. Bg2 Bxc1 31. Qxc1 Ng7 32. Qf4 Nxf5 33. Nxf5 Rag8 34. Qxc7 Bc8
35. Rd1 Rxf5 36. gxf5 Qxf5 37. Re1 Qf3 38. Qe5+ Kh7 39. Qc7+ Bd7 40. Qxd7+ Kh8
41. Kf1 Qxg2+ 42. Ke2 Qf3+ 43. Kf1 Rf8 0-1

[Event "TCh-TUR Super League 2018"]
[Site "Ankara TUR"]
[Date "2018.08.02"]
[Round "9.2.4"]
[White "Gok, Fatih"]
[Black "Secer, Ata"]
[Result "0-1"]
[BlackTitle "FM"]
[WhiteElo "1952"]
[BlackElo "2320"]
[WhiteTeam "GENC AKADEMISYENLER EGITIM KULTUR VE ARASTIRMA KULUBU"]
[BlackTeam "DENIZ SU AQUAMATCH SATRANC GENCLIK VE SPOR KULUBU DERNEGI"]
[WhiteFideId "6356591"]
[BlackFideId "6303293"]
[EventDate "2018.07.25"]

1. e4 c5 2. Nf3 e6 3. b3 b6 4. Bb2 Bb7 5. Qe2 Nc6 6. g3 Nf6 7. Bg2 d6 8. d4 cxd4
9. Nxd4 Nxd4 10. Bxd4 Be7 11. O-O O-O 12. Nd2 Qc7 13. c4 Bc6 14. Rfe1 Qb7 15. f4
Rfe8 16. Bf2 a6 17. g4 Nd7 18. g5 e5 19. fxe5 dxe5 20. Qh5 Bb4 21. Rad1 Rad8 22.
Re3 Nf8 23. Nf1 Rxd1 24. Qxd1 Ne6 25. Rg3 Nf4 26. Bf3 Bxe4 27. Ne3 Bxf3 28. Qxf3
Qxf3 29. Rxf3 Rd8 30. Nd5 Nxd5 31. cxd5 Rxd5 32. Bxb6 e4 33. Rg3 Rd1+ 34. Kf2
Ra1 35. Ke3 Rxa2 36. Kxe4 Rxh2 0-1

[Event "TCh-TUR Super League 2018"]
[Site "Ankara TUR"]
[Date "2018.08.02"]
[Round "9.2.5"]
[White "Atalik, Ekaterina"]
[Black "Mamedjarova, Zeinab"]
[Result "1-0"]
[WhiteTitle "IM"]
[BlackTitle "WGM"]
[WhiteElo "2461"]
[BlackElo "2345"]
[WhiteTeam "DENIZ SU AQUAMATCH SATRANC GENCLIK VE SPOR KULUBU DERNEGI"]
[BlackTeam "GENC AKADEMISYENLER EGITIM KULTUR VE ARASTIRMA KULUBU"]
[WhiteFideId "4130189"]
[BlackFideId "13401521"]
[EventDate "2018.07.25"]

1. d4 Nf6 2. c4 e6 3. Nc3 b6 4. Nf3 Bb7 5. a3 d5 6. cxd5 Nxd5 7. Qc2 c5 8. e4
Nxc3 9. bxc3 Nd7 10. Bd3 Be7 11. O-O Qc7 12. Qe2 O-O 13. h4 Rfd8 14. h5 h6 15.
e5 cxd4 16. cxd4 Bd5 17. Be3 f6 18. Rfc1 Qb8 19. exf6 Bxf6 20. Nd2 e5 21. Qg4
exd4 22. Bf4 Be5 23. Qf5 Bf7 24. Bxe5 Qxe5 25. Qh7+ Kf8 26. Nf3 Qf6 27. Be4 Rab8
28. Rc6 Be6 29. Re1 Nc5 30. Bd5 Qf5 31. Qh8+ Kf7 32. Rc7+ Nd7 33. Rxd7+ Rxd7 34.
Bxe6+ Qxe6 35. Qxb8 1-0

[Event "TCh-TUR Super League 2018"]
[Site "Ankara TUR"]
[Date "2018.08.02"]
[Round "9.2.6"]
[White "Yilmaz, Goktan"]
[Black "Sari, Yasin"]
[Result "1/2-1/2"]
[WhiteTitle "CM"]
[BlackTitle "FM"]
[WhiteElo "2233"]
[BlackElo "2330"]
[WhiteTeam "GENC AKADEMISYENLER EGITIM KULTUR VE ARASTIRMA KULUBU"]
[BlackTeam "DENIZ SU AQUAMATCH SATRANC GENCLIK VE SPOR KULUBU DERNEGI"]
[WhiteFideId "6354904"]
[BlackFideId "6320902"]
[EventDate "2018.07.25"]

1. e4 g6 2. d4 Bg7 3. Nc3 c6 4. Nf3 d5 5. e5 Bg4 6. h3 Bxf3 7. Qxf3 e6 8. Qd3 a6
9. f4 Nd7 10. Be2 c5 11. dxc5 Nxc5 12. Qd4 Nd7 13. Be3 Ne7 14. Bf2 Nc6 15. Qd2
O-O 16. O-O b5 17. Bd3 Bh6 18. a4 b4 19. Na2 a5 20. Bb5 Ncxe5 21. Qd4 Nc4 22.
Bxc4 Bg7 23. Qd3 dxc4 24. Qxc4 Nb6 25. Qb5 Nd5 26. c3 bxc3 27. Nxc3 Nxc3 28.
bxc3 Bxc3 29. Rad1 Qf6 30. Be3 Rab8 31. Qg5 Rb2 32. Rd7 Ra2 33. Rfd1 Ra1 34.
Rxa1 Qxg5 35. fxg5 Bxa1 36. Bd2 Ra8 37. Kf2 Bg7 38. Rb7 Bf8 39. Ke2 Bb4 40. Bxb4
axb4 41. Rxb4 h6 42. gxh6 Kh7 43. Kd3 e5 44. Kc4 e4 45. Kb5 f5 46. a5 e3 47. Ra4
e2 48. Ra1 Re8 49. Re1 Re5+ 50. Kb6 Re6+ 51. Kb7 Re7+ 52. Kc6 Re6+ 53. Kb5 1/2-1/2

[Event "TCh-TUR Super League 2018"]
[Site "Ankara TUR"]
[Date "2018.08.02"]
[Round "9.2.7"]
[White "Shevchenko, Kirill"]
[Black "Bozbey, Ali"]
[Result "1-0"]
[WhiteTitle "GM"]
[WhiteElo "2554"]
[BlackElo "2126"]
[WhiteTeam "DENIZ SU AQUAMATCH SATRANC GENCLIK VE SPOR KULUBU DERNEGI"]
[BlackTeam "GENC AKADEMISYENLER EGITIM KULTUR VE ARASTIRMA KULUBU"]
[WhiteFideId "14129574"]
[BlackFideId "6347380"]
[EventDate "2018.07.25"]

1. e4 e5 2. Nf3 Nf6 3. Nxe5 d6 4. Nf3 Nxe4 5. Nc3 Nxc3 6. dxc3 Be7 7. Be3 Nc6 8.
Bd3 Be6 9. Qe2 Bf6 10. O-O-O O-O 11. h4 Qd7 12. Bg5 Bd8 13. Qe4 f5 14. Qf4 Bf6
15. Rhe1 Kh8 16. Bb5 a6 17. Bxc6 bxc6 18. Bxf6 Rxf6 19. Qa4 c5 20. Qxd7 Bxd7 21.
Re7 Rd8 22. Ne5 Re8 23. Rxd7 dxe5 24. Rxc7 h6 25. h5 f4 26. Rdd7 Rf5 27. Rxg7
Rxh5 28. Kd2 Rh2 29. Ke2 e4 30. Rh7+ Kg8 31. Rcg7+ Kf8 32. Rg4 Rxg2 33. Rh8+ Ke7
34. Rxe8+ Kxe8 35. Rxg2 f3+ 36. Kf1 fxg2+ 37. Kxg2 Ke7 38. Kg3 Ke6 39. Kf4 Kd5
40. a4 a5 41. b3 h5 42. Kf5 h4 43. Kf4 h3 44. Kg3 e3 45. fxe3 Ke4 46. b4 cxb4
47. cxb4 axb4 48. a5 Kxe3 49. a6 Kd2 50. a7 Kxc2 51. a8=Q b3 52. Qe4+ Kc1 53.
Qc4+ Kb2 54. Kxh3 Ka3 55. Kg2 b2 56. Qa6+ Kb3 57. Qb5+ Kc2 58. Qc4+ Kd2 59. Qb3
Kc1 60. Qc3+ Kb1 61. Kf3 Ka2 62. Qc2 Ka1 63. Qa4+ Kb1 64. Ke4 1-0

[Event "TCh-TUR Super League 2018"]
[Site "Ankara TUR"]
[Date "2018.08.02"]
[Round "9.3.1"]
[White "Jakovenko, Dmitry"]
[Black "Mamedov, Rauf"]
[Result "1/2-1/2"]
[WhiteTitle "GM"]
[BlackTitle "GM"]
[WhiteElo "2749"]
[BlackElo "2708"]
[WhiteTeam "HATAY BUYUKSEHIR BELEDIYESI GENCLIK SPOR KULUBU"]
[BlackTeam "BESIKTAS JIMNASTIK KULUBU"]
[WhiteFideId "4122356"]
[BlackFideId "13401653"]
[EventDate "2018.07.25"]

1. d4 d5 2. c4 e6 3. Nf3 c5 4. cxd5 exd5 5. Nc3 Nc6 6. dxc5 d4 7. Na4 Bxc5 8.
Nxc5 Qa5+ 9. Bd2 Qxc5 10. Rc1 Qe7 11. e3 Nf6 12. Be2 O-O 13. O-O Rd8 14. Nxd4
Nxd4 15. exd4 Rxd4 16. Qe1 Re4 17. Be3 Nd5 18. Bf3 Nxe3 19. Bxe4 Nxf1 20. Kxf1
Be6 21. Bd5 Qd6 22. Bxe6 fxe6 23. Kg1 Rd8 24. h3 h6 25. Qe3 a6 26. Re1 Re8 27.
Qe4 Qd2 28. Re2 Qd7 29. Qe5 Re7 30. Re4 Qd1+ 31. Kh2 Qd7 32. f4 Kf7 33. Rd4 Qc7
34. Rd6 Qc2 35. Qh5+ Qg6 36. Qxg6+ Kxg6 37. g4 Kf6 38. Kg3 g6 39. Kf3 Rc7 40.
Rb6 h5 41. Ke3 hxg4 42. hxg4 Rd7 43. Ke4 Ke7 44. a4 Rc7 45. b3 Rd7 46. g5 Rc7
47. Rb4 Kd6 48. Rb6+ Ke7 49. Kd4 Rd7+ 50. Ke5 Rd5+ 51. Ke4 Rd7 52. Rb4 Rc7 53.
Ke5 Rd7 54. Rc4 a5 55. Ke4 Rd5 56. Rc7+ Rd7 57. Rc3 Rd1 58. Rh3 Re1+ 59. Kd4 Kd6
60. Rh6 Rf1 61. Ke4 Re1+ 62. Kf3 Rb1 63. Rxg6 Rxb3+ 64. Kg4 Rb4 65. Rg8 Ke7 66.
g6 e5 67. Kg5 exf4 68. Rg7+ Kf8 69. Rf7+ Kg8 70. Rxf4 b6 71. Rf6 1/2-1/2

[Event "TCh-TUR Super League 2018"]
[Site "Ankara TUR"]
[Date "2018.08.02"]
[Round "9.3.2"]
[White "Safarli, Eltaj"]
[Black "Yilmaz, Mustafa"]
[Result "1/2-1/2"]
[WhiteTitle "GM"]
[BlackTitle "GM"]
[WhiteElo "2667"]
[BlackElo "2624"]
[WhiteTeam "BESIKTAS JIMNASTIK KULUBU"]
[BlackTeam "HATAY BUYUKSEHIR BELEDIYESI GENCLIK SPOR KULUBU"]
[WhiteFideId "13402129"]
[BlackFideId "6302718"]
[EventDate "2018.07.25"]

1. e4 c5 2. Nf3 d6 3. d4 cxd4 4. Nxd4 Nf6 5. Nc3 a6 6. Qe2 e6 7. g4 Nc6 8. Nxc6
bxc6 9. g5 Nd7 10. Bd2 Be7 11. h4 O-O 12. f4 d5 13. O-O-O Rb8 14. exd5 exd5 15.
h5 Re8 16. Qf3 Nc5 17. Bd3 d4 18. Ne4 Nxd3+ 19. Qxd3 Be6 20. Rdg1 c5 21. c4 dxc3
22. Qxc3 Rb4 23. Qe5 Rc4+ 24. Bc3 Qd4 25. Nf6+ Bxf6 26. gxf6 g6 27. hxg6 fxg6
28. Rxg6+ hxg6 29. Rh8+ Kf7 30. Rh7+ Kf8 31. Rh8+ Kf7 32. Rh7+ Kf8 1/2-1/2

[Event "TCh-TUR Super League 2018"]
[Site "Ankara TUR"]
[Date "2018.08.02"]
[Round "9.3.3"]
[White "Solak, Dragan"]
[Black "Sanal, Vahap"]
[Result "0-1"]
[WhiteTitle "GM"]
[BlackTitle "GM"]
[WhiteElo "2603"]
[BlackElo "2515"]
[WhiteTeam "HATAY BUYUKSEHIR BELEDIYESI GENCLIK SPOR KULUBU"]
[BlackTeam "BESIKTAS JIMNASTIK KULUBU"]
[WhiteFideId "916811"]
[BlackFideId "6300545"]
[EventDate "2018.07.25"]

1. e4 g6 2. d4 Bg7 3. c4 d6 4. Nc3 Nf6 5. Nf3 O-O 6. Be2 e5 7. O-O Nc6 8. d5 Ne7
9. b4 Nh5 10. Re1 Nf4 11. Bf1 a5 12. bxa5 c5 13. a4 Rxa5 14. Ra3 h6 15. h3 f5
16. Bxf4 exf4 17. e5 Bd7 18. Nb5 Nc8 19. e6 Bxb5 20. cxb5 b6 21. Nd2 Ra7 22. Nc4
Bd4 23. Qd2 g5 24. a5 bxa5 25. Nxa5 Qc7 26. Ra2 Qg7 27. Rc1 g4 28. Nc6 Rxa2 29.
Qxa2 f3 30. Nxd4 fxg2 31. Kxg2 Qxd4 32. Qc4 gxh3+ 33. Kxh3 Qxf2 34. Qd3 Ne7 35.
Rc2 Qe1 36. Rg2+ Kh7 37. Qg3 Qxg3+ 38. Kxg3 Kg7 39. Bc4 Kf6 40. Rh2 Ke5 41. Rxh6
f4+ 42. Kf3 Kd4 43. Rh7 Ng6 44. Bb3 c4 45. Ba4 Ra8 46. Bc2 Ra3+ 47. Kg4 Rg3+ 48.
Kh5 Ne5 49. e7 Rg8 50. Rg7 Rh8+ 51. Rh7 Rg8 52. Rg7 Rb8 53. Kg5 f3 54. Rh7 f2
55. Rh1 Nf3+ 56. Kf5 Ng1 57. Rh4+ Kc3 58. Rf4 Nh3 59. Rf3+ Kxc2 60. Kg4 Re8 61.
Kxh3 Rxe7 62. Rxf2+ Kb3 63. Rf6 Rd7 64. b6 c3 65. b7 Rxb7 66. Rxd6 c2 67. Rc6
Kb2 68. Kg4 Rb5 69. d6 c1=Q 70. Rxc1 Kxc1 71. Kf4 Rd5 0-1

[Event "TCh-TUR Super League 2018"]
[Site "Ankara TUR"]
[Date "2018.08.02"]
[Round "9.3.5"]
[White "Muzychuk, Mariya"]
[Black "Ozturk, Kubra"]
[Result "1/2-1/2"]
[WhiteTitle "GM"]
[BlackTitle "WGM"]
[WhiteElo "2521"]
[BlackElo "2330"]
[WhiteTeam "HATAY BUYUKSEHIR BELEDIYESI GENCLIK SPOR KULUBU"]
[BlackTeam "BESIKTAS JIMNASTIK KULUBU"]
[WhiteFideId "14114550"]
[BlackFideId "6302599"]
[EventDate "2018.07.25"]

1. d4 d5 2. c4 e6 3. Nc3 Be7 4. cxd5 exd5 5. Bf4 c6 6. e3 Bf5 7. g4 Be6 8. h3
Nd7 9. Nf3 g5 10. Be5 Nxe5 11. Nxe5 Bf6 12. Qc2 Bxe5 13. dxe5 f6 14. exf6 Qxf6
15. O-O-O O-O-O 16. Na4 Kb8 17. Nc5 Bc8 18. Bd3 Ne7 19. Kb1 h5 20. Qe2 hxg4 21.
hxg4 Ng6 22. Bxg6 Qxg6+ 23. Ka1 b6 24. Nb3 c5 25. f3 Qe6 26. Qd2 Bb7 27. Qc3
Rhf8 28. Rh7 Qf6 29. Nd4 Ka8 30. Nf5 Qxc3 31. bxc3 d4 32. exd4 Bxf3 33. Re1 Bxg4
34. Ree7 Bxf5 35. Rxa7+ Kb8 36. Rab7+ Ka8 37. Ra7+ 1/2-1/2

[Event "TCh-TUR Super League 2018"]
[Site "Ankara TUR"]
[Date "2018.08.02"]
[Round "9.3.6"]
[White "Gledura, Benjamin"]
[Black "Alekseenko, Kirill"]
[Result "1/2-1/2"]
[WhiteTitle "GM"]
[BlackTitle "GM"]
[WhiteElo "2626"]
[BlackElo "2627"]
[WhiteTeam "BESIKTAS JIMNASTIK KULUBU"]
[BlackTeam "HATAY BUYUKSEHIR BELEDIYESI GENCLIK SPOR KULUBU"]
[WhiteFideId "712779"]
[BlackFideId "4135539"]
[EventDate "2018.07.25"]

1. d4 Nf6 2. c4 g6 3. Nc3 d5 4. cxd5 Nxd5 5. e4 Nxc3 6. bxc3 Bg7 7. Nf3 c5 8.
Bb5+ Nc6 9. O-O O-O 10. Be3 cxd4 11. cxd4 Bg4 12. Bxc6 bxc6 13. Rc1 Qa5 14. Qd2
Qxd2 15. Nxd2 Rfd8 16. e5 Be6 17. Rxc6 Bxa2 18. Ra1 Bd5 19. Rc7 a5 20. Ra4 f6
21. f4 e6 22. Rc5 fxe5 23. dxe5 Bf8 24. Rcxa5 Rxa5 25. Rxa5 Bb4 26. Rb5 Bxd2 27.
Bxd2 Bxg2 28. Kxg2 Rxd2+ 29. Kg3 h5 30. Rb8+ Kf7 31. Rb7+ 1/2-1/2

[Event "TCh-TUR Super League 2018"]
[Site "Ankara TUR"]
[Date "2018.08.02"]
[Round "9.4.1"]
[White "Ali Marandi, Cemil Can"]
[Black "Zubov, Alexander"]
[Result "1-0"]
[WhiteTitle "GM"]
[BlackTitle "GM"]
[WhiteElo "2540"]
[BlackElo "2611"]
[WhiteTeam "BURSA BUYUKSEHIR BELEDIYESPOR KULUBU"]
[BlackTeam "DARUSSAFAKA SPOR KULUBU"]
[WhiteFideId "6300529"]
[BlackFideId "14109409"]
[EventDate "2018.07.25"]

1. d4 Nf6 2. Bf4 g6 3. Nc3 d5 4. e3 c6 5. h4 Qb6 6. Rb1 h5 7. Nf3 Bg4 8. Be2 Bg7
9. Ne5 Bxe2 10. Qxe2 Nbd7 11. f3 e6 12. g4 hxg4 13. fxg4 g5 14. Nxd7 Nxd7 15.
Bxg5 f6 16. Bf4 O-O-O 17. Bg3 f5 18. O-O e5 19. Kg2 exd4 20. exd4 Bxd4 21. Qd3
Be5 22. Rxf5 Rde8 23. Bf2 Qb4 24. Kh3 Rhg8 25. g5 Rgf8 26. Rxf8 Rxf8 27. a3 Qd6
28. Kg2 Qe6 29. Qe2 Rf4 30. Rg1 Qf5 31. Kf1 Qh3+ 32. Rg2 Qh1+ 33. Rg1 Qh3+ 34.
Rg2 Qxh4 35. Nd1 Qh1+ 36. Rg1 Qh3+ 37. Rg2 Qh1+ 38. Rg1 Qh3+ 39. Rg2 d4 40. Kg1
Rf8 41. Qg4 Qh7 42. g6 Qh6 43. Bxd4 Bxd4+ 44. Qxd4 Rg8 45. g7 Nf6 46. Qe3 Qh5
47. Qe6+ Kc7 48. Qe7+ Kb6 49. Ne3 Nd5 50. Qe6 Nxe3 51. Qxe3+ Ka6 52. Qd3+ b5 53.
Qd6 Qf3 54. Qd4 Qf7 55. a4 Re8 56. axb5+ cxb5 57. Qf2 Qe6 58. Rg3 b4 59. Qe3
Qxe3+ 60. Rxe3 Rg8 61. Rg3 b3 62. cxb3 Kb5 63. Kh2 Kc5 64. Kh3 1-0

[Event "TCh-TUR Super League 2018"]
[Site "Ankara TUR"]
[Date "2018.08.02"]
[Round "9.4.2"]
[White "Erturan, Yakup"]
[Black "Haznedaroglu, Kivanc"]
[Result "0-1"]
[WhiteTitle "IM"]
[BlackTitle "GM"]
[WhiteElo "2378"]
[BlackElo "2472"]
[WhiteTeam "DARUSSAFAKA SPOR KULUBU"]
[BlackTeam "BURSA BUYUKSEHIR BELEDIYESPOR KULUBU"]
[WhiteFideId "6301410"]
[BlackFideId "6300634"]
[EventDate "2018.07.25"]

1. Nf3 d5 2. d4 Nf6 3. c4 e6 4. Nc3 c6 5. e3 Nbd7 6. Bd3 dxc4 7. Bxc4 b5 8. Be2
Bd6 9. O-O O-O 10. Qc2 Qe7 11. Ng5 Bb7 12. Nce4 h6 13. Nxd6 Qxd6 14. Nf3 Rac8
15. Qb3 a6 16. Bd2 c5 17. Qa3 b4 18. Qa5 Ng4 19. Rfd1 Bxf3 20. Bxf3 Qxh2+ 21.
Kf1 cxd4 22. exd4 Qh4 23. g3 Qh2 24. Bg2 Ndf6 25. Be1 Rc2 26. Rd2 Rxd2 27. Bxd2
Nxf2 28. Qxa6 Nh3 0-1

[Event "TCh-TUR Super League 2018"]
[Site "Ankara TUR"]
[Date "2018.08.02"]
[Round "9.4.3"]
[White "Ozkan, Ervin"]
[Black "Asadli, Vugar"]
[Result "0-1"]
[WhiteTitle "CM"]
[BlackTitle "IM"]
[WhiteElo "2171"]
[BlackElo "2478"]
[WhiteTeam "BURSA BUYUKSEHIR BELEDIYESPOR KULUBU"]
[BlackTeam "DARUSSAFAKA SPOR KULUBU"]
[WhiteFideId "6306004"]
[BlackFideId "13405764"]
[EventDate "2018.07.25"]

1. d4 Nf6 2. Nf3 e6 3. Bf4 d5 4. e3 c5 5. c3 Nc6 6. Nbd2 Bd6 7. Bg3 O-O 8. Bd3
b6 9. Qe2 Bb7 10. Rd1 c4 11. Bc2 Ne7 12. e4 Nxe4 13. Nxe4 dxe4 14. Bxe4 Bxe4 15.
Qxe4 Nd5 16. O-O Bxg3 17. hxg3 b5 18. Ne5 Rc8 19. a3 a5 20. Rc1 Qd6 21. f4 f6
22. Nf3 Rc6 23. Rfe1 g6 24. Qc2 Ne7 25. Nd2 h5 26. Ne4 Qd5 27. Qe2 Kf7 28. Qf3
Nf5 29. Rc2 Nd6 30. Nc5 Nf5 31. Qxd5 exd5 32. Rce2 Rg8 33. Kf2 g5 34. fxg5 Rxg5
35. Ne6 Rg8 36. Nf4 Rxg3 37. Nxd5 Rd6 38. Re7+ Kg6 39. Nf4+ Kh6 40. Rb7 Rg4 41.
Nh3 Ng3 42. Rxb5 f5 43. Kg1 Rdg6 44. Rbe5 Ne4 45. Re2 Ng3 46. Rf2 Ne4 47. Rc2
Ng3 48. d5 Re4 49. Rxe4 fxe4 50. Nf4 Rg4 51. Ne2 Nf5 52. Kf2 Kg5 53. Rc1 Kf6 54.
g3 Ke5 55. Rh1 h4 56. gxh4 Nxh4 57. Rd1 Rg2+ 58. Kf1 e3 59. Nd4 Rf2+ 60. Kg1 Rd2
61. Re1 Ke4 0-1

[Event "TCh-TUR Super League 2018"]
[Site "Ankara TUR"]
[Date "2018.08.02"]
[Round "9.5.1"]
[White "Abasov, Nijat"]
[Black "Rakhmanov, Aleksandr"]
[Result "1/2-1/2"]
[WhiteTitle "GM"]
[BlackTitle "GM"]
[WhiteElo "2623"]
[BlackElo "2627"]
[WhiteTeam "GOKCEADA SPOR KULUBU"]
[BlackTeam "ROTA KOLEJI SPOR KULUBU DERNEGI"]
[WhiteFideId "13402960"]
[BlackFideId "4173708"]
[EventDate "2018.07.25"]

1. e4 e5 2. Nf3 Nf6 3. Nxe5 d6 4. Nf3 Nxe4 5. d4 Be7 6. Bd3 Ng5 7. Nxg5 Bxg5 8.
O-O Bxc1 9. Re1+ Kf8 10. Qxc1 Nc6 11. c3 Qf6 12. Nd2 Bf5 13. Qc2 g6 14. Bxf5
Qxf5 15. Qxf5 gxf5 16. Re2 Re8 17. Rae1 Rxe2 18. Rxe2 Kg7 19. g3 Kf6 20. Kg2 b5
21. Nf1 Ne7 22. Ne3 h5 23. Kf3 a6 24. b3 Rb8 25. Ng2 Ng6 26. Ne1 a5 27. Nd3 Ra8
28. Rb2 Rb8 29. Rc2 Re8 30. c4 b4 31. Re2 Rb8 32. Re1 h4 33. Ra1 hxg3 34. hxg3
Nf8 35. Nf4 Ne6 36. Ke3 Nxf4 37. Kxf4 Re8 38. f3 Re2 39. a3 Rb2 40. axb4 axb4
41. Ra5 Rxb3 42. Rxf5+ Ke6 43. Rb5 Rb1 44. d5+ Kf6 45. c5 b3 46. cxd6 cxd6 47.
Rb6 Ke7 48. Kf5 b2 49. Rb7+ Ke8 50. f4 Rg1 51. Rxb2 1/2-1/2

[Event "TCh-TUR Super League 2018"]
[Site "Ankara TUR"]
[Date "2018.08.02"]
[Round "9.5.2"]
[White "Tukhaev, Adam"]
[Black "Ivic, Velimir"]
[Result "1-0"]
[WhiteTitle "GM"]
[BlackTitle "IM"]
[WhiteElo "2542"]
[BlackElo "2432"]
[WhiteTeam "ROTA KOLEJI SPOR KULUBU DERNEGI"]
[BlackTeam "GOKCEADA SPOR KULUBU"]
[WhiteFideId "14109476"]
[BlackFideId "950122"]
[EventDate "2018.07.25"]

1. e4 c5 2. Nf3 d6 3. d4 cxd4 4. Nxd4 Nf6 5. Nc3 a6 6. Be2 e5 7. Nb3 Be7 8. O-O
O-O 9. Kh1 b6 10. f3 Bb7 11. a4 Nc6 12. Bg5 Nb4 13. Nb1 h6 14. Bh4 g5 15. Bf2 d5
16. c3 Nc6 17. N1d2 Qc7 18. Bd3 Rfd8 19. Qe2 Bf8 20. Rfd1 Bg7 21. Nf1 Ne7 22. a5
bxa5 23. Nxa5 Bc8 24. Ne3 Be6 25. c4 dxc4 26. Bxc4 Rxd1+ 27. Qxd1 Rb8 28. Bxe6
fxe6 29. Nac4 Nc6 30. Rxa6 Nd4 31. Qa4 Qc5 32. Ra8 Rxa8 33. Qxa8+ Kh7 34. Qb7
Nc6 35. Nf5 1-0

[Event "TCh-TUR Super League 2018"]
[Site "Ankara TUR"]
[Date "2018.08.02"]
[Round "9.5.5"]
[White "Injac, Teodora"]
[Black "Nechaeva, Marina"]
[Result "0-1"]
[WhiteTitle "WIM"]
[BlackTitle "IM"]
[WhiteElo "2302"]
[BlackElo "2410"]
[WhiteTeam "GOKCEADA SPOR KULUBU"]
[BlackTeam "ROTA KOLEJI SPOR KULUBU DERNEGI"]
[WhiteFideId "932400"]
[BlackFideId "4149351"]
[EventDate "2018.07.25"]

1. d4 d5 2. c4 c6 3. cxd5 cxd5 4. Bf4 Nf6 5. e3 Nc6 6. Nc3 Bg4 7. Qb3 Na5 8.
Qa4+ Bd7 9. Qc2 e6 10. Nf3 Nh5 11. Bg5 f6 12. Bh4 g5 13. Bg3 g4 14. Ng1 Nxg3 15.
hxg3 f5 16. Nge2 Rc8 17. Nf4 Qf6 18. a3 Bd6 19. Bd3 a6 20. Rc1 Kf7 21. Rh5 h6
22. Ke2 Qd8 23. Rch1 Kg7 24. f3 gxf3+ 25. gxf3 Bxf4 26. gxf4 Be8 27. R5h2 Bf7
28. Ke1 h5 29. Rg1+ Kf8 30. Qa4 Nc4 31. Bxc4 Rxc4 32. Qb3 b5 33. Ke2 Qc7 34. Kd3
Be8 35. Rd2 a5 36. a4 b4 37. Nb5 Qb6 38. Rc2 Bxb5 39. axb5 Rxc2 40. Qxc2 Qxb5+
41. Kd2 Qc4 42. Qa4 Qc7 43. Rc1 Qd8 44. Qc6 Kf7 45. Qb7+ Kf6 46. Rc7 Qg8 47. Kd3
h4 48. Rc1 h3 49. Qc7 h2 50. Qe5+ Kg6 51. Rh1 Qc8 52. e4 dxe4+ 53. fxe4 Rh3+ 54.
Kd2 b3 55. exf5+ exf5 56. Qc5 Qxc5 57. dxc5 Kf7 58. Ke2 Ke6 59. Kf1 Kd5 60. Kg2
Rh4 61. Kg3 Rh5 62. Kf3 Kxc5 63. Ke3 Rh3+ 0-1

[Event "TCh-TUR Super League 2018"]
[Site "Ankara TUR"]
[Date "2018.08.02"]
[Round "9.5.6"]
[White "Kilic, Efe Mert"]
[Black "Yildirim, Ibrahim Halil"]
[Result "1-0"]
[WhiteTitle "FM"]
[WhiteElo "2317"]
[BlackElo "1887"]
[WhiteTeam "ROTA KOLEJI SPOR KULUBU DERNEGI"]
[BlackTeam "GOKCEADA SPOR KULUBU"]
[WhiteFideId "6354327"]
[BlackFideId "34512462"]
[EventDate "2018.07.25"]

1. e4 e5 2. Bc4 Nf6 3. d3 c6 4. f4 d5 5. fxe5 Nxe4 6. Nf3 dxc4 7. dxe4 Qxd1+ 8.
Kxd1 Bg4 9. Bf4 Nd7 10. Nd2 O-O-O 11. Kc1 c3 12. Nc4 Nc5 13. Re1 Ne6 14. Bg3
Bxf3 15. gxf3 h5 16. h4 cxb2+ 17. Kxb2 Bc5 18. Nd6+ Bxd6 19. exd6 f6 20. Rad1
Kd7 21. f4 c5 22. c3 c4 23. Kc2 Rhe8 24. Rd5 g6 25. f5 gxf5 26. Rxf5 Rg8 27. Re3
Rg6 28. Rxh5 Rdg8 29. Rh7+ Kc6 30. Re7 Nc5 31. Rc7+ Kb5 32. a4+ Nxa4 33. Bf2 Nc5
34. d7 Ne6 35. Rxb7+ Kc6 36. Rxa7 Rg2 37. Rf3 Rf8 38. Kd1 Rg7 39. Bd4 Nxd4 40.
cxd4 Rxd7 41. d5+ Kd6 42. e5+ Kxd5 43. Rxd7+ Kxe5 44. Re7+ Kd6 45. Re4 Kd5 46.
Rff4 Rh8 47. Rxc4 Ke6 48. Rc6+ 1-0

[Event "TCh-TUR Super League 2018"]
[Site "Ankara TUR"]
[Date "2018.08.02"]
[Round "9.6.1"]
[White "Cheparinov, Ivan"]
[Black "Kravtsiv, Martyn"]
[Result "0-1"]
[WhiteTitle "GM"]
[BlackTitle "GM"]
[WhiteElo "2712"]
[BlackElo "2654"]
[WhiteTeam "TURK HAVA YOLLARI (THY) SPOR KULUBU"]
[BlackTeam "KARAMAN BELEDIYE SPOR KULUBU"]
[WhiteFideId "2905540"]
[BlackFideId "14113147"]
[EventDate "2018.07.25"]

1. c4 Nf6 2. Nc3 e5 3. Nf3 Nc6 4. e3 Bb4 5. Qc2 O-O 6. Nd5 Be7 7. a3 d6 8. Be2
Re8 9. O-O Bf8 10. Ng5 g6 11. Nxf6+ Qxf6 12. Ne4 Qd8 13. b4 Bg7 14. Bb2 f5 15.
Nc3 e4 16. Nd5 Ne5 17. Nf4 Be6 18. d3 exd3 19. Bxd3 Nxd3 20. Nxd3 Bxb2 21. Nxb2
Qf6 22. Rad1 a5 23. b5 b6 24. Rd4 Re7 25. Nd3 Rf8 26. Nf4 g5 27. Nh5 Qg6 28. Qd1
Bc8 29. h4 h6 30. Qf3 f4 31. hxg5 hxg5 32. exf4 Rh7 33. g4 Bxg4 34. Qxg4 Qxh5
35. Qxh5 Rxh5 36. Re1 Rxf4 37. Rxf4 gxf4 38. Re4 f3 39. Rg4+ Kf7 40. Rf4+ Ke6
41. Rxf3 Rh4 42. Rc3 Ke5 43. Kg2 Kd4 44. Rc1 Kd3 45. a4 Rxc4 46. Rxc4 Kxc4 47.
f4 Kd4 48. Kf3 d5 49. f5 Ke5 50. Kg4 d4 51. Kg5 d3 52. f6 d2 53. f7 d1=Q 54.
f8=Q Qd6 55. Qf4+ Kd5 56. Qd2+ Kc4 57. Qa2+ Kb4 58. Kf5 Qd3+ 59. Ke6 Qb3+ 60.
Ke5 0-1